Tratado de educación de la juventud: de Marnix de Santa Aldegonda

Saved in:
Bibliographic Details
Main Author: Catrysse, Jean (Author)
Format: Book
Language:Spanish
Published: Caracas Universidad Central de Venezuela 1959
Subjects:
Tags: Add Tag
No Tags, Be the first to tag this record!

MARC

LEADER 00000nam a2200000 a 4500
001 UCU0594
003 CL-VaPUC
008 960322e19590000VE |||||||||||||||||spa|d
082 0 4 |a 370.114  |b CAT  |2 21 
100 0 |a Catrysse, Jean  |e author  |9 355908 
245 1 0 |a Tratado de educación de la juventud: de Marnix de Santa Aldegonda 
300 |a 121 p 
942 |c BK 
945 |d 19960322 00:00:00  |a paguirre 
260 |a Caracas  |b Universidad Central de Venezuela  |c 1959 
650 0 |a Filosofía de la educación   |9 258384 
650 0 |a Educación moral  |9 308319 
650 0 |a Psicología educacional   |9 307830 
650 0 |a Juventud  |9 271073 
583 |a last modification  |c 19960322 00:00:00  |k Rodrigo Vera 
999 |c 245434  |d 245432 
952 |0 0  |1 0  |4 0  |6 370_114000000000000_CAT_1959  |7 0  |8 P  |9 259939  |a BIBEDU  |b BIBEDU  |c BIBEDU_PB  |d 2019-11-19  |i 1637347  |o 370.114 CAT 1959  |p 1637347  |r 2024-01-25  |w 2019-11-19  |y BK  |k EDU